000 00439nam a2200169Ia 4500
008 240729s9999 xx 000 0 und d
022 _a2090-6390
245 0 _aCase Reports in Anesthesiology
260 _aUnited Kingdom
260 _bHindawi Limited
650 _a Anesthesiology
650 _a Surgery
650 _aMedicine
856 _uhttps://doaj.org/toc/9a90510e1ac641b08c0d1b9a0fd80287
942 _2ddc
942 _cDOAJEJ
999 _c71675
_d71675
945 _a1
_bMadushi Gamage
_c1
_dMadushi Gamage